|
|
|
|
| LEADER |
00809nam a2200229 i 4500 |
| 001 |
c000309213 |
| 003 |
CARM |
| 005 |
00000000000000.0 |
| 008 |
840316s1957 nyu 0 eng d |
| 019 |
1 |
|
|a 1235506
|z 24749253
|5 LACONCORD2021
|
| 035 |
|
|
|a (OCoLC)544124
|5 LACONCORD2021
|
| 082 |
0 |
4 |
|a 541.28
|
| 100 |
1 |
|
|a Kauzmann, Walter,
|d 1916-
|
| 245 |
1 |
0 |
|a Quantum chemistry :
|b an introduction.
|
| 260 |
|
|
|a New York :
|b Academic Press,
|c 1957.
|
| 300 |
|
|
|a xii, 744p :
|b ill ;
|c 24cm.
|
| 650 |
|
0 |
|a Quantum chemistry.
|
| 650 |
|
0 |
|a Chemistry, Phy.
|
| 650 |
|
0 |
|a Quantum theory.
|
| 852 |
8 |
|
|b CARM
|h A1:AQ24F0
|i C10831
|p 0503461
|f BK
|
| 999 |
f |
f |
|i a1315718-b1cf-5d12-bb4b-901ee9f0fab1
|s 3044f90c-ff3f-5c05-8cda-c607716b8bf8
|
| 952 |
f |
f |
|p Can circulate
|a CAVAL
|b CAVAL
|c CAVAL
|d CARM 1 Store
|e C10831
|f A1:AQ24F0
|h Other scheme
|i book
|m 0503461
|